Music Quiz

Random Music or Artist Quiz
Score 0/10 Timer 02:00
0 Plays Today
Artist Song/Video Title % Correct
Katy Perry feat. Juicy JDark Horse
89.7%
Megan TrainorAll About That Bass
85.9%
Taylor SwiftShake It Off
84.5%
Iggy Azalea feat. Charli XCXFancy
82.2%
SiaChandelier
79.8%
Ariana Grande feat. Iggy AzaleaProblem
72.1%
Jason Derulo feat. Snoop DoggWiggle
62.4%
Shakira feat. RihannaCan't Remember to Forget You
46.9%
Enrique Iglesias feat. Descemer BuenoBailando
34.7%
Shakira feat. Carlinhos BrownLa La La
19.7%
Remove Ads.
Support Sporcle.
Get the best of Sporcle when you Go Orange. This ad-free experience offers more features, more stats, and more fun while also helping to support Sporcle. Thank you for becoming a member.

You're not logged in!

Compare scores with friends on all Sporcle quizzes.
OR
Log In

Show Comments

Extras

Top Quizzes Today


Score Distribution

Your Account Isn't Verified!

In order to create a playlist on Sporcle, you need to verify the email address you used during registration. Go to your Sporcle Settings to finish the process.

Report this User

Report this user for behavior that violates our Community Guidelines.

Details: